Alle Nachbarländer zu Land - Statistiken

Allgemein
  • Dieses Quiz wurde 46 mal gespielt
  • Das Durchschnittsergebnis liegt bei 23 aus 28
Antwortstatistiken
Länge Antwort % Korrekt
4.630km Mongolei
97%
3.452km Mongolei
97%
1.352km Nordkorea
97%
18km Nordkorea
97%
2.659km Indien
95%
4.179km Russland
95%
324km Estland
90%
332km Lettland
90%
261km Litauen
90%
1.765km Kasachstan
87%
7.644km Kasachstan
87%
1.944km Ukraine
87%
1.297km Vietnam
87%
1.309km Finnland
85%
1.389km Nepal
85%
2.129km Myanmar
82%
428km Pakistan
79%
91km Afghanistan
77%
1.312km Belarus
77%
4.179km China
77%
475km Laos
77%
477km Bhutan
74%
1.063km Kirgisistan
74%
477km Tadschikistan
74%
191km Norwegen
72%
210km Polen
72%
894km Georgien
67%
338km Aserbaidschan
62%
Keine übereinstimmenden Quizze gefunden
Verteilung der Resultate
Anzahl Personen mit jedem Resultat
Perzentil nach korrekt beantworteten Fragen
Ihre Resultats-Entwicklung
Sie haben dieses Quiz noch nicht gespielt